000 00546nam a2200181Ia 4500
999 _c15647
_d15647
003 OSt
005 20200606115829.0
008 190216s9999||||xx |||||||||||||| ||und||
020 _a8170552346
040 _cMESKC library
082 _a891.431
_bJAI/R
100 _aJain, Premchandre
_9357
245 0 _aRehasyavadi Jain Apabramsha Kavya Ka Hindi Par Prabhav /
_cPremchandre Jain
260 _bVaani Prakashan,
_aDelhi:
_c1991.
300 _a135p
650 _aHindi
942 _cBK
_2ddc
_h891.431
_iJAI/R
_k891.431
_mJAI/R